Christmas Songs Opening Lines Quiz - Statistics

General Stats
  • This quiz has been taken 300 times
  • The average score is 7 of 15
Answer Stats
Opening Lyrics Song % Correct
I don't want a lot for Christmas, There is just one thing I need All I want for Christmas is you
91%
Oh, the weather outside is frightful, But the fire is so delightful Let it snow
78%
I really can't stay- Baby it's cold outside
68%
Come, they told me, Pa-Ram-Pa-Pam-Pam Peace on Earth/Little Drummer Boy
68%
Just hear those sleigh bells jingling, Ring-ting-tingling too Sleigh Ride
60%
So this is Christmas, And what have you done? Happy Xmas (war is over)
53%
It's Christmas time; there's no need to be afraid Do they know it's Christmas
49%
The mood is right, The spirits up, We're here tonight, And that's enough Wonderful Christmas Time
43%
It was Christmas Eve babe, In the drunk tank Fairytale of New York
38%
Are you hanging up a stocking on your wall? Merry Xmas Everybody
30%
When the snowman brings the snow, Well he just might like to know I wish it could be Christmas every day
29%
Welcome to my Christmas song, I'd like to thank you for the year Step into Christmas
27%
Hey, Mr Churchill comes over here, To say we're doing splendidly Stop the Cavalry
20%
Bah, Humbug! But that's too strong, 'Cause it is my favourite holiday Christmas Wrapping
13%
Feigning joy and surprise, At the gifts we despise Christmas Time
11%
No matching quizzes found
Score Distribution
Percent of People with Each Score
Percentile by Number Answered
Your Score History
You have not taken this quiz